Statistiche per Paesi con posizioni invertite #2

Clicka qui per fare il quiz!

Statistiche generali

  • Questo quiz è stato fatto 9 volte
  • Il punteggio medio è 7 su 10

Risposte nella Mappa

Le risposte nella mappa del quiz sottostante sono codificate secondo una scala di colori dal rosso al verde in base alla % di persone che hanno risposto correttamente.
 

Statistiche sulle risposte

paesescambio% Corretto
GreciaBangladesh
89%
BangladeshGrecia
78%
Corea del NordUganda
78%
GabonEcuador
78%
AzerbaijanNicaragua
67%
EcuadorGabon
67%
NicaraguaAzerbaijan
67%
UgandaCorea del Nord
67%
CiproGiamaica
33%
GiamaicaCipro
33%

Distribuzione punteggi

Percentile per numero di risposta

Percentuale di utenti per punteggio

I tuoi punteggi nel tempo

Non hai fatto questo quiz